<?xml version="1.0" encoding="UTF-8"?>
<record
    xmlns:xsi="http://www.w3.org/2001/XMLSchema-instance"
    xsi:schemaLocation="http://www.loc.gov/MARC21/slim http://www.loc.gov/standards/marcxml/schema/MARC21slim.xsd"
    xmlns="http://www.loc.gov/MARC21/slim">

  <leader>00392nam a2200169Ia 4500</leader>
  <datafield tag="100" ind1=" " ind2=" ">
    <subfield code="a">Nagrath/I.J/ Gopal/M </subfield>
  </datafield>
  <datafield tag="650" ind1=" " ind2=" ">
    <subfield code="a">Control Systems</subfield>
  </datafield>
  <datafield tag="250" ind1=" " ind2=" ">
    <subfield code="a">5</subfield>
  </datafield>
  <datafield tag="942" ind1=" " ind2=" ">
    <subfield code="c">BK</subfield>
  </datafield>
  <datafield tag="366" ind1=" " ind2=" ">
    <subfield code="f">15</subfield>
  </datafield>
  <datafield tag="654" ind1=" " ind2=" ">
    <subfield code="a">control systems</subfield>
  </datafield>
  <datafield tag="245" ind1=" " ind2=" ">
    <subfield code="a">Control Systems Engineering</subfield>
  </datafield>
  <datafield tag="260" ind1=" " ind2=" ">
    <subfield code="b">New Age Interational Ltd.</subfield>
    <subfield code="a">New Delhi</subfield>
    <subfield code="c">2007</subfield>
  </datafield>
  <datafield tag="082" ind1=" " ind2=" ">
    <subfield code="a">629.8312/NAG</subfield>
    <subfield code="b">NAG</subfield>
  </datafield>
  <datafield tag="546" ind1=" " ind2=" ">
    <subfield code="a">ENGLISH</subfield>
  </datafield>
  <datafield tag="999" ind1=" " ind2=" ">
    <subfield code="c">24954</subfield>
    <subfield code="d">24954</subfield>
  </datafield>
  <datafield tag="952" ind1=" " ind2=" ">
    <subfield code="0">0</subfield>
    <subfield code="1">0</subfield>
    <subfield code="4">0</subfield>
    <subfield code="7">0</subfield>
    <subfield code="8">CRC</subfield>
    <subfield code="a">CRCE</subfield>
    <subfield code="b">CRCE</subfield>
    <subfield code="c">1619 | 96</subfield>
    <subfield code="d">2023-03-17</subfield>
    <subfield code="e">Unique Book Distributors</subfield>
    <subfield code="g">360.00</subfield>
    <subfield code="i">5389 dt 18/08/2007</subfield>
    <subfield code="l">0</subfield>
    <subfield code="o">629.8312/NAG NAG</subfield>
    <subfield code="p">17883</subfield>
    <subfield code="r">2023-03-17</subfield>
    <subfield code="v">375.00</subfield>
    <subfield code="w">0000-00-00</subfield>
    <subfield code="y">BK</subfield>
  </datafield>
  <datafield tag="952" ind1=" " ind2=" ">
    <subfield code="0">0</subfield>
    <subfield code="1">0</subfield>
    <subfield code="4">0</subfield>
    <subfield code="7">0</subfield>
    <subfield code="8">CRC</subfield>
    <subfield code="a">CRCE</subfield>
    <subfield code="b">CRCE</subfield>
    <subfield code="c">1619 | 96</subfield>
    <subfield code="d">2023-03-17</subfield>
    <subfield code="e">Unique Book Distributors</subfield>
    <subfield code="g">360.00</subfield>
    <subfield code="l">0</subfield>
    <subfield code="o">629.8312/NAG NAG</subfield>
    <subfield code="p">17884</subfield>
    <subfield code="r">2023-03-17</subfield>
    <subfield code="v">375.00</subfield>
    <subfield code="w">0000-00-00</subfield>
    <subfield code="y">BK</subfield>
  </datafield>
  <datafield tag="952" ind1=" " ind2=" ">
    <subfield code="0">0</subfield>
    <subfield code="1">0</subfield>
    <subfield code="4">0</subfield>
    <subfield code="7">0</subfield>
    <subfield code="8">CRC</subfield>
    <subfield code="a">CRCE</subfield>
    <subfield code="b">CRCE</subfield>
    <subfield code="c">1619 | 96</subfield>
    <subfield code="d">2023-03-17</subfield>
    <subfield code="e">Unique Book Distributors</subfield>
    <subfield code="g">360.00</subfield>
    <subfield code="l">1</subfield>
    <subfield code="o">629.8312/NAG NAG</subfield>
    <subfield code="p">17885</subfield>
    <subfield code="r">2025-10-14</subfield>
    <subfield code="s">2025-10-14</subfield>
    <subfield code="v">375.00</subfield>
    <subfield code="w">0000-00-00</subfield>
    <subfield code="y">BK</subfield>
  </datafield>
  <datafield tag="952" ind1=" " ind2=" ">
    <subfield code="0">0</subfield>
    <subfield code="1">0</subfield>
    <subfield code="4">0</subfield>
    <subfield code="7">0</subfield>
    <subfield code="8">CRC</subfield>
    <subfield code="a">CRCE</subfield>
    <subfield code="b">CRCE</subfield>
    <subfield code="c">1619 | 96</subfield>
    <subfield code="d">2023-03-17</subfield>
    <subfield code="e">Unique Book Distributors</subfield>
    <subfield code="g">360.00</subfield>
    <subfield code="l">0</subfield>
    <subfield code="o">629.8312/NAG NAG</subfield>
    <subfield code="p">17886</subfield>
    <subfield code="r">2023-03-17</subfield>
    <subfield code="v">375.00</subfield>
    <subfield code="w">0000-00-00</subfield>
    <subfield code="y">BK</subfield>
  </datafield>
  <datafield tag="952" ind1=" " ind2=" ">
    <subfield code="0">0</subfield>
    <subfield code="1">0</subfield>
    <subfield code="4">0</subfield>
    <subfield code="7">0</subfield>
    <subfield code="8">CRC</subfield>
    <subfield code="a">CRCE</subfield>
    <subfield code="b">CRCE</subfield>
    <subfield code="c">1619 | 96</subfield>
    <subfield code="d">2023-03-17</subfield>
    <subfield code="e">Unique Book Distributors</subfield>
    <subfield code="g">360.00</subfield>
    <subfield code="l">0</subfield>
    <subfield code="o">629.8312/NAG NAG</subfield>
    <subfield code="p">17887</subfield>
    <subfield code="r">2023-03-17</subfield>
    <subfield code="v">375.00</subfield>
    <subfield code="w">0000-00-00</subfield>
    <subfield code="y">BK</subfield>
  </datafield>
</record>
